Najbardziej dochodowe filmy - Statystyki

Ogólne statystyki
  • Ten quiz został rozwiązany 104 razy
  • Średni wynik to 4 z 15
Statystyki odpowiedzi
Hint Odpowiedź % Poprawnych
1 Avatar
85%
3 Titanic
70%
9 Avengers
69%
2 Avengers: Koniec gry
36%
5 Avengers: Wojna bez granic
33%
12 Avengers: Czas Ultrona
24%
8 Król Lew
23%
4 Gwiezdne wojny: Przebudzenie Mocy
19%
7 Jurassic World
18%
13 Czarna Pantera
17%
6 Spider-Man: Bez drogi do domu
15%
15 Gwiezdne wojny: Ostatni Jedi
14%
10 Szybcy i wściekli 7
14%
14 Harry Potter i Insygnia Śmierci: Część II
6%
11 Kraina lodu II
6%
Nie znaleziono quizów pasujących do podanych kryteriów
Rozkład punktacji
Procent ludzi z każdym wynikiem
Percentyl według liczby udzielonych odpowiedzi
Twoja historia wyników
Nie rozwiązałeś tego quizu